000
00253nam a2200097Ia 4500
001
991193
005
20251230105702.0
008
250824s9999 xx 000 0 und d
245
0
_a
SHERLOCK HOLMES - BÖCEK AVCISI
_c
SİR ARTHUR CONAN DOYLE
260
_b
dokuz
999
_c
991193
_d
991193